Представление документа в формате RUSMARC

ПолеНазваниеЗначение
  Тип записи a
  Библиографический уровень m
001 Контрольный номер RU/IS/BASE/549995515
005 Дата корректировки 20201206205051.0
010 Индекс ISBN __
a ISBN 978-5-4238-0223-3 (в обл.)
d Цена 659-56
100 Данные общей обработки __
a Данные общей обработки 19170605d2012||||||| 0rusy0189 ca
101 Язык документа 1_
a Язык текста rus
c Язык оригинала eng
102 Страна публикации __
a Страна публикации ru|
105 Кодированные данные (монография) __
a Кодированные данные (монография) ao||||||000zy
200 Заглавие и сведения об ответственности 1_
a Заглавие Как достичь совершенства в верховой езде
e Сведения, относящиеся к заглавию навыки центрированной верховой езды : [12+]
f Первые сведения об ответственности Салли Свифт ; фотографии Майка Нобла ; рисунки Джин МакФарланд ; [перевод с английского Г. Пимочкиной]
b Общее обозначение материала Текст
210 Выходные данные __
a Место издания Москва
c Издательство Аквариум
d Дата издания 2012
215 Физическое описание __
a Объем 302 с.
c Иллюстрации/тип воспроизводства ил., фот.
d Формат 20 см
225 Серия __
a Серия Планета лошадей
330 Аннотация __
a Аннотация Автор предлагает всем всадникам новый подход к верховой езде, основанный на физических и мысленных образах, развитием которых Салли Свифт занималась на протяжении многих лет. Этот подход можно назвать центрированным или уравновешенным, он приводит к совершенству в равновесии тела и внутреннего осознания единства всадника и лошади. Салли Свифт в детстве не обладала хорошей координацией и чувством равновесия, из-за проблем со спиной ее особенным образом обучали тому, как управлять своим телом. В этой книге представлена разработанная автором техника равновесия в традиционном обучении верховой езде, основанная на знании анатомии человека и лошади.
333 Примечание о целевом назначении __
a Примечание о целевом назначении 12+. Для детей старше 12 лет
606 Тематические рубрики __
a Основная рубрика Сельское хозяйство
606 Тематические рубрики __
a Основная рубрика Лошади
606 Тематические рубрики __
a Основная рубрика Физическая культура и спорт
606 Тематические рубрики __
a Основная рубрика Конный спорт
610 Ключевые слова __
a Ключевые слова верховая езда
a Ключевые слова конный спорт
a Ключевые слова лошади
a Ключевые слова обучение всадника
a Ключевые слова обучение лошади
a Ключевые слова спортивное коневодство
a Ключевые слова тренировки
a Ключевые слова тренировка лошадей
686 Индексы других классификаций __
2 Код системы rubbks
a Классификационный индекс 46.119
686 Индексы других классификаций __
2 Код системы rubbks
a Классификационный индекс 75.722; ст46.1 + ст75.722
700 Автор _1
a Фамилия Свифт
b Имя С.
g Полное личное имя Салли
4 Код отношения 070
702 Вторичная интеллектуальная ответственность _1
a Фамилия Нобла
b Имя М.
4 Код отношения Фотограф
4 Код отношения 600
702 Вторичная интеллектуальная ответственность _1
a Фамилия МакФарланд
b Имя Д.
4 Код отношения Иллюстратор
4 Код отношения 440
702 Вторичная интеллектуальная ответственность _1
a Фамилия Пимочкина
b Имя Г.
4 Код отношения Переводчик
4 Код отношения 730
801 Источник записи _0
a Страна ru
b Организация Муниципальное бюджетное учреждение культуры "Централизованная библиотечная система" г. Сургут (Центральная городская библиотека им. А. С. Пушкина)
c Дата составления 20170605
g Правила каталогизации КиК/Апакова
801 Источник записи _1
a Страна ru
b Организация Муниципальное бюджетное учреждение культуры "Централизованная библиотечная система" г. Сургут (Центральная городская библиотека им. А. С. Пушкина)
c Дата составления 20170605
g Правила каталогизации КиК/Апакова
852 Данные о местонахождении __
j Шифр хранения 46.119
i Авторский знак С 24
901 Тип документа __
t Тип документа m
903 Характеристики (МАРС) __
a Дата передачи 20170605
990 Данные о заказе (DOS) __
j Количество экземпляров (DOS) 2
t N записи в КСУ для И/У (DOS) 201706